000 008110000a22002050004500
020 _a978-84-7658-886-4 : 52.560
082 0 4 _aG 291.1 A4731m
100 1 _aÁlvarez de Miranda, Ángel
245 1 0 _aMito, religión y cultura / Ángel Álvarez de Miranda ; editado por Andrés Ortiz-Osés
260 _aRubí, Barcelona : Anthropos ; México : Universidad Autónoma Metropolitana-Cuajimalpa
300 _a223 p.
440 0 _aCol. Autores, texto y tema Hermeneusis ; no. 26
505 0 0 _aMitología hebrea y griega - Mitología y cultura ibérica - Mitología y cultura iberoamericana
650 1 4 _aRELIGION Y CULTURA \ MITOLOGIA \ RELIGION \ CULTURA
001 14983
942 _cBK
999 _c43799
_d43799
336 _atexto
_btxt
_2rdacontent
337 _2rdamedia
_asin mediación
_bn
338 _2rdacarrier
_avolumen
_bnc